| 000 | 00434nam a22001577a 4500 | ||
|---|---|---|---|
| 005 | 20260228121026.0 | ||
| 008 | 260227b |||||||| |||| 00| 0 eng d | ||
| 041 | _aeng | ||
| 082 | _a509.54 NAU-B | ||
| 100 |
_aNAUTIYAL, DR CHANDRA MOHAN _98879 |
||
| 245 | _aBHARAT KO BADALTA BHARTIYA VIGYAN | ||
| 260 |
_aNEW DELHI _bINDIAN NATIONAL SCIENCE ACADEMY _c2017 |
||
| 300 | _a177;P | ||
| 650 |
_aBHARTIYA GYAN PRAMPARA _98877 |
||
| 942 | _cBK | ||
| 999 |
_c9054 _d9052 |
||